|
|
|
|
| LEADER |
01469nam a2200373Ia 4500 |
| 001 |
EBC1607047 |
| 003 |
MiAaPQ |
| 005 |
20200520144314.0 |
| 006 |
m o d | |
| 007 |
cr cn||||||||| |
| 008 |
121231s2012 dcua sb 000 0 eng d |
| 020 |
|
|
|z 9781475558180
|
| 020 |
|
|
|a 9781475529593 (electronic bk.)
|
| 035 |
|
|
|a (MiAaPQ)EBC1607047
|
| 035 |
|
|
|a (Au-PeEL)EBL1607047
|
| 035 |
|
|
|a (CaPaEBR)ebr10635363
|
| 035 |
|
|
|a (CaONFJC)MIL417914
|
| 035 |
|
|
|a (OCoLC)818796971
|
| 040 |
|
|
|a MiAaPQ
|c MiAaPQ
|d MiAaPQ
|
| 050 |
|
4 |
|a HJ7091
|b .M66 2012
|
| 100 |
1 |
|
|a Montagnat-Rentier, Gilles.
|
| 245 |
1 |
0 |
|a Customs administration reform and modernization in Francophone Sub-Saharan Africa
|h [electronic resource] /
|c Gilles Montagnat-Rentier and Gilles Parent.
|
| 260 |
|
|
|a Washington, D.C. :
|b International Monetary Fund,
|c 2012.
|
| 300 |
|
|
|a 53 p. :
|b ill.
|
| 440 |
|
0 |
|a IMF working paper ;
|v WP/12/259
|
| 504 |
|
|
|a Includes bibliographical references.
|
| 533 |
|
|
|a Electronic reproduction. Ann Arbor, MI : ProQuest, 2015. Available via World Wide Web. Access may be limited to ProQuest affiliated libraries.
|
| 650 |
|
0 |
|a Customs administration
|z Africa, Sub-Saharan.
|
| 650 |
|
0 |
|a Tariff
|z Africa, Sub-Saharan.
|
| 655 |
|
4 |
|a Electronic books.
|
| 700 |
1 |
|
|a Parent, Gilles,
|d 1948-
|
| 710 |
2 |
|
|a International Monetary Fund.
|
| 710 |
2 |
|
|a ProQuest (Firm)
|
| 856 |
4 |
0 |
|u https://ebookcentral.proquest.com/lib/matrademy/detail.action?docID=1607047
|z Click to View
|